000 00964nas a2200313 4500
001 BR0805384
003 BR-BrBNA
005 20231205112422.0
007 ta
008 230509b bl.|||p| |||| 00| 00por d
040 _aBR-BrBNA
_bpor
_cBiblioteca Nacional de Agricultura
041 _a(Pt)
072 _aL72
100 1 _aSantoro, P.H.
100 1 _aNeves, P.M.O.J.
100 1 _aCavaguchi, S.A.
100 1 _aConstanski, K.
100 1 _aAmaro, J.T.
100 1 _aAlves, L.F.A.
100 1 _aGomes, B.B.
245 1 _aControle associado de Alphitobius diaperinus e efeito de microrganismos eficazes no desenvolvimento de Beauveria bassiana
650 _aAVICULTURA
650 _aCASCUDINHO
650 _aCONTROLE BIOLOGICO
650 _aBEAUVERIA BASSIANA
773 0 _tPesquisa Agropecuaria Brasileira (Brazil)
_xISSN 0100-204X
_g(Jan 2008), v. 43(1) p. 1-8
_wBR0805384
909 _a202311
_bLúcia
_c55
_dLúcia Elande
942 _2AGRIS
_n0
_cANA
999 _c197964
_d197964